| 000 | 01615cam a2200409 i 4500 | ||
|---|---|---|---|
| 001 | 14095143 | ||
| 003 | EG-ScBUE | ||
| 005 | 20250730094652.0 | ||
| 008 | 050901r20061999njua f 001 0 eng d | ||
| 020 | _a9780471661740 (cloth : acidfree paper) | ||
| 020 | _a0471661740 (cloth : acidfree paper) | ||
| 040 |
_aDLC _beng _erda _cDLC _dDLC _dEG-ScBUE |
||
| 082 | 0 | 4 |
_a541.369 _222 _bSAN |
| 100 | 1 |
_aSandler, Stanley I., _d1940- _eauthor. |
|
| 245 | 1 | 0 |
_aChemical, biochemical, and engineering thermodynamics / _cStanley I. Sandler, University of Delaware. |
| 250 | _aFourth edition. | ||
| 264 | 1 |
_aHoboken, N.J. : _bJohn Wiley, _c[2006] |
|
| 264 | 4 | _cc2006 | |
| 300 |
_axiv, 945 pages : _billustrations ; _c27 cm _e1 CD |
||
| 336 |
_2rdacontent _atext _btxt |
||
| 336 |
_2rdacontent _asounds _bsnd |
||
| 337 |
_aunmediated _2rdamedia _bn |
||
| 337 |
_aaudio _2rdamedia _bs |
||
| 338 |
_avolume _bnc _2rdacarrier |
||
| 338 |
_acomputer disc _bcd _2rdacarrier |
||
| 500 | _aRev. ed. of: Chemical and engineering thermodynamics. 3rd ed. c1999. | ||
| 500 | _aIncludes index. | ||
| 500 | _aIncludes Appendices. | ||
| 650 | 7 |
_aThermodynamics _vTextbooks. _2BUEsh |
|
| 650 | 7 |
_aChemical engineering _vTextbooks. _2BUEsh |
|
| 650 | 7 |
_aBiochemical engineering _vTextbooks. _2BUEsh |
|
| 655 | _vReading book | ||
| 700 | 1 |
_aSandler, Stanley I., _d1940- _tChemical and engineering thermodynamics. |
|
| 856 | 4 | 2 |
_3Publisher description _uhttp://www.loc.gov/catdir/enhancements/fy0625/2005054235-d.html |
| 856 | 4 | 1 |
_3Table of contents only _uhttp://www.loc.gov/catdir/enhancements/fy0625/2005054235-t.html |
| 942 |
_2ddc _cBB |
||
| 999 |
_c10417 _d10417 |
||